El héroe trágico (Record no. 176101)

MARC details
000 -LEADER
campo de control de longitud fija 00865nam a22002535i 4500
001 - NÚMERO DE CONTROL
campo de control 176101
003 - IDENTIFICADOR DE NÚMERO DE CONTROL
campo de control ES-MaACL
005 - FECHA Y HORA DE LA ÚLTIMA TRANSACCIÓN
campo de control 20250819063110.0
008 - DATOS DE LONGITUD FIJA--INFORMACIÓN GENERAL
campo de control de longitud fija 101216s1962 sp |||| | spa d
080 ## - NÚMERO DE LA CLASIFICACIÓN DECIMAL UNIVERSAL
Número de la Clasificación Decimal Universal 255.2
080 ## - NÚMERO DE LA CLASIFICACIÓN DECIMAL UNIVERSAL
Número de la Clasificación Decimal Universal 1 Platón
100 1# - ENTRADA PRINCIPAL--NOMBRE DE PERSONA
Nombre de persona Rodríguez Adrados, Francisco,
Fechas asociadas al nombre 1922-2020
9 (RLIN) 98318
245 13 - MENCIÓN DEL TÍTULO
Título El héroe trágico
Resto del título ; El filósofo platónico /
Mención de responsabilidad, etc. Francisco Rodríguez Adrados.
260 ## - PUBLICACIÓN, DISTRIBUCIÓN, ETC.
Lugar de publicación, distribución, etc. Madrid :
Nombre del editor, distribuidor, etc. Taurus,
Fecha de publicación, distribución, etc. imp. 1962.
300 ## - DESCRIPCIÓN FÍSICA
Extensión 74 p. ;
Dimensiones 25 cm.
490 1# - MENCIÓN DE SERIE
Mención de serie Cuadernos de la Fundación Pastor ;
Designación de volumen o secuencia 6
650 04 - PUNTO DE ACCESO ADICIONAL DE MATERIA--TÉRMINO DE MATERIA
Término de materia o nombre geográfico como elemento de entrada Mitología griega.
9 (RLIN) 15104
650 04 - PUNTO DE ACCESO ADICIONAL DE MATERIA--TÉRMINO DE MATERIA
Término de materia o nombre geográfico como elemento de entrada Platonismo.
9 (RLIN) 16132
710 2# - ENTRADA AGREGADA--NOMBRE DE ENTIDAD CORPORATIVA
Nombre de entidad corporativa o nombre de jurisdicción como elemento de entrada Fundación Pastor de Estudios Clásicos.
9 (RLIN) 4386
740 32 - ENTRADA AGREGADA--TÍTULO RELACIONADO/ANALÍTICO NO CONTROLADO
Título relacionado o analítico no controlado El filósofo platónico.
830 0# - PUNTO DE ACCESO ADICIONAL DE SERIE-TÍTULO UNIFORME
Título uniforme Cuadernos de la Fundación Pastor ;
Designación de volumen o secuencia 6
9 (RLIN) 182742
852 ## - LOCALIZACIÓN
Ubicación ES-MaACL
Número de control de estantería 2273-F-8
Encuadernación Olim P-1029-bis
Holdings
Estatus retirado Estado de pérdida Estado de daño No para préstamo Colección Biblioteca de origen Biblioteca actual Ubicación en estantería Fecha de adquisición Fuente de adquisición Total de préstamos Signatura topográfica completa Código de barras Visto por última vez Precio de reemplazo Tipo de ítem Koha
        Colección de folletos Biblioteca del Ateneo de Madrid Biblioteca del Ateneo de Madrid Depósito folletos 16/12/2010     2273-F-8 1184948 23/02/2023 23/02/2023 Folleto